ARRUPE JESUIT UNIVERSITY

CORONAVIRUS -STOP THE SPREAD - CLEAN,DISINFECT,COVER

The life, unpublished letters, and philosophical regimen of Anthony, Earl of Shaftesbury / (Record no. 122620)

MARC details
000 -LEADER
fixed length control field 01278nam a2200313 a 4500
001 - CONTROL NUMBER
control field 1099180
003 - CONTROL NUMBER IDENTIFIER
control field ARRUPE
005 - DATE AND TIME OF LATEST TRANSACTION
control field 20150414144007.0
008 - FIXED-LENGTH DATA ELEMENTS--GENERAL INFORMATION
fixed length control field 920921r19921900enkc b 000 0deng
010 ## - LIBRARY OF CONGRESS CONTROL NUMBER
LC control number 92217985
Canceled/invalid LC control number 92204176
040 ## - CATALOGING SOURCE
Original cataloging agency DLC
Transcribing agency DLC
Modifying agency DLC
043 ## - GEOGRAPHIC AREA CODE
Geographic area code e-uk-en
050 00 - LIBRARY OF CONGRESS CALL NUMBER
Classification number B1386
Item number .L4 1992
082 00 - DEWEY DECIMAL CLASSIFICATION NUMBER
Classification number 192
Edition number 20
300 ## - PHYSICAL DESCRIPTION
Other physical details port. ;
Dimensions 23 cm.
100 1# - MAIN ENTRY--PERSONAL NAME
Personal name Shaftesbury, Anthony Ashley Cooper,
Titles and other words associated with a name Earl of,
Dates associated with a name 1671-1713.
9 (RLIN) 17053
245 14 - TITLE STATEMENT
Title The life, unpublished letters, and philosophical regimen of Anthony, Earl of Shaftesbury /
Statement of responsibility, etc edited by Benjamin Rand.
260 ## - PUBLICATION, DISTRIBUTION, ETC. (IMPRINT)
Place of publication, distribution, etc London :
Name of publisher, distributor, etc Forgotton Books
Date of publication, distribution, etc 2012
300 ## - PHYSICAL DESCRIPTION
Extent xxxi, 535 p. :
440 #0 - SERIES STATEMENT/ADDED ENTRY--TITLE
Title British philosophy.
Name of part/section of a work 17th and 18th century British philosophy
9 (RLIN) 17054
500 ## - GENERAL NOTE
General note Originally published: London : S. Sonnenschein ; New York : Macmillan, 1900.
504 ## - BIBLIOGRAPHY, ETC. NOTE
Bibliography, etc Includes bibliographical references.
600 10 - SUBJECT ADDED ENTRY--PERSONAL NAME
Personal name Shaftesbury, Anthony Ashley Cooper,
Titles and other words associated with a name Earl of,
Dates associated with a name 1671-1713
General subdivision Correspondence.
9 (RLIN) 17055
650 #0 - SUBJECT ADDED ENTRY--TOPICAL TERM
Topical term or geographic name as entry element Philosophy
General subdivision Early works to 1800.
9 (RLIN) 17056
650 #0 - SUBJECT ADDED ENTRY--TOPICAL TERM
Topical term or geographic name as entry element Philosophers
Geographic subdivision England
General subdivision Correspondence.
9 (RLIN) 17057
700 1# - ADDED ENTRY--PERSONAL NAME
Personal name Rand, Benjamin,
Dates associated with a name 1856-1934.
9 (RLIN) 17058
906 ## - LOCAL DATA ELEMENT F, LDF (RLIN)
a 7
b cbc
c orignew
d 2
e ncip
f 19
g y-gencatlg
942 ## - ADDED ENTRY ELEMENTS (KOHA)
Source of classification or shelving scheme Library of Congress Classification
Koha item type Monograph ( Printed materials)
Holdings
Withdrawn status Lost status Source of classification or shelving scheme Damaged status Not for loan Collection code Home library Current library Shelving location Date acquired Total Checkouts Full call number Barcode Date last seen Price effective from Koha item type
    Library of Congress Classification     Main Collection ARRUPE LIBRARY ARRUPE LIBRARY Main Collection 09/04/2015   B1385.A3 R3 2012 46500002488 09/04/2015 09/04/2015 Monograph ( Printed materials)

 

Arrupe Library. PO Box MP320 Mt Pleasant, Harare, Zimbabwe
263 242 745411|librarian@aju.ac.zw